书目信息 |
| 题名: |
政府信任与公民参与关系研究
|
|
| 作者: | 刘桂花 著 | |
| 分册: | ||
| 出版信息: | 北京 九州出版社 2018 |
|
| 页数: | 187页 | |
| 开本: | 24cm | |
| 丛书名: | ||
| 单 册: | ||
| 中图分类: | D630.1 , D621.5 | |
| 科图分类: | ||
| 主题词: | 国家行政机关--guo jia xing zheng ji guan--行政管理--研究--中国 , 公民--gong min--参与管理--研究--中国 | |
| 电子资源: | ||
| ISBN: | 978-7-5108-7416-1 | |
| 000 | 00976nam0 2200277 450 | |
| 001 | 012001008218 | |
| 005 | 20131022115822.0 | |
| 010 | @a978-7-5108-7416-1@dCNY48.00 | |
| 099 | @aCAL 012018131194 | |
| 100 | @a20180925d2018 em y0chiy50 ea | |
| 101 | 0 | @achi |
| 102 | @aCN@b110000 | |
| 105 | @aak a 000yy | |
| 106 | @ar | |
| 200 | 1 | @a政府信任与公民参与关系研究@Azheng fu xin ren yu gong min can yu guan xi yan jiu@f刘桂花著 |
| 210 | @a北京@c九州出版社@d2018 | |
| 215 | @a187页@c图@d24cm | |
| 320 | @a有书目 (第153-168页) | |
| 330 | @a本书共分为六章, 主要内容包括: 绪论 ; 信任与公民参与研究述评 ; 模型构建与假设提出 ; 研究设计 ; 研究假设的实证检验 ; 研究结论与研究展望。 | |
| 606 | 0 | @a国家行政机关@Aguo jia xing zheng ji guan@x行政管理@x研究@y中国 |
| 606 | 0 | @a公民@Agong min@x参与管理@x研究@y中国 |
| 690 | @aD630.1@v5 | |
| 690 | @aD621.5@v5 | |
| 701 | 0 | @a刘桂花@Aliu gui hua@4著 |
| 801 | 0 | @aCN@b上海新华@c20191020 |
| 905 | @b1180705-8@dD630.1@e397@f4 | |
| 政府信任与公民参与关系研究/刘桂花著.-北京:九州出版社,2018 |
| 187页:图;24cm |
| ISBN 978-7-5108-7416-1:CNY48.00 |
| 本书共分为六章, 主要内容包括: 绪论 ; 信任与公民参与研究述评 ; 模型构建与假设提出 ; 研究设计 ; 研究假设的实证检验 ; 研究结论与研究展望。 |
| ● |
| 相关链接 |
|
|
|
|
正题名:政府信任与公民参与关系研究
索取号:D630.1/397
 
预约/预借
| 序号 | 登录号 | 条形码 | 馆藏地/架位号 | 状态 | 备注 |
| 1 | 1180705 | 211807053 | 第一样本阅览室/ [索取号:D630.1/397] | 在馆 | |
| 2 | 1180706 | 211807062 | 第一借阅区/ [索取号:D630.1/397] | 在馆 | |
| 3 | 1180707 | 211807071 | 第一借阅区/ [索取号:D630.1/397] | 在馆 | |
| 4 | 1180708 | 211807080 | 第一借阅区/ [索取号:D630.1/397] | 在馆 |